| 000 | 00000nam##2200000za#4500 |
| 001 | 9.533622 |
| 003 | CaOODSP |
| 005 | 20210615083226 |
| 007 | ta |
| 008 | 150406|2001||||xxc||||| f|0| 0 eng|d |
| 020 | |a0-662-64786-6 |
| 022 | |a1203-8903 |
| 040 | |aCaOODSP|beng |
| 041 | |aeng |
| 041 | |afre |
| 043 | |an-cn--- |
| 086 | 1 |aCH3-2/2001 |
| 110 | 1 |aCanada. |bCanadian Heritage. |
| 245 | 10|aFrancophone minorities : |bassimilation and community vitality / |cby Michael O'Keefe. |
| 250 | |a2nd edition. |
| 260 | |aOttawa - Ontario : |bCanadian Heritage |c2001. |
| 300 | |aEnglish text, 100p. : |bfigs., tables ; |c23 cm. |
| 490 | 1 |aNew Canadian perspectives|x1203-8903 |
| 500 | |a"This publication will attempt to explore the concepts of assimilation and community vitality, as well as the statistical evidence regarding the vitality of the Francophone communities outside Quebec."--Introduction. |
| 504 | |aBibliography. |
| 520 | 3 |aThis publication will attempt to explore the concepts of assimilation and community vitality, as well as the statistical evidence regarding the vitality of the Francophone communities outside Quebec.--Introduction |
| 546 | |aBilingual |
| 563 | |aSoftcover |
| 590 | |a01-16|b2001-04-20 |
| 690 | 07|aFrancophonie|2gcpds |
| 690 | 07|aAcculturation|2gcpds |
| 690 | 07|aFrench language|2gcpds |
| 720 | 1 |aO'Keefe, Michael |
| 776 | 0#|tFrancophone minorities : |w(CaOODSP)9.571942 |
| 776 | 0#|tMinorités francophones : |w(CaOODSP)9.602361 |
| 792 | |tMinorités francophones : |efre|w(CaOODSP)9.533623 |
| 830 | #0|aNew Canadian perspectives,|x1203-8903|w(CaOODSP)9.509086 |